00848nam a2200241 i 450000100060000000300090000600500170001500700030003200800410003502000180007608000160009424501140011025000240022426000320024830000410028050000130032150400330033465100370036770000300040485200330043499900170046795201220048414850ES-MaACL20240228214404.0t|990622s1998 sp ||||1| spa d a84-206-4291-6 a946.0"1898"00aMás se perdió en Cuba b: España, 1898 y la crisis de fin de siglo / cJuan Pablo Pan-Montojo (coord.). a1ª ed., 1ª reimp. aMadrid : bAlianza, c1998. a528 p., [46] p. de lám. ; c23 cm. aIndices. aBibliografía : p. 477-506. 4aEspaña-xHistoria-y1898982721 aPan-Montojo, Juan.988742 aES-MaACLjL-22068 bR.127352 c14850d14850 00104070aATENEOMbATENEOMcDEPO2d2008-01-17eSCl0oL-22068p1015101r2023-02-23 00:00:00w2023-02-23yMONOGRAFIA